"Alright" by Kendrick Lamar (Most) Lyrics - Statistics

General Stats
  • This quiz has been taken 455 times
  • The average score is 321 of 499
Answer Stats
Lyrics % Correct
Chorus (skip) | Pre-Chorus (skip) ...
99%
a
99%
A
99%
i
99%
I
99%
n*****
98%
Chorus: N*****
98%
n*****?"
98%
alright
95%
be
95%
go,
95%
we
94%
We
94%
you
94%
you,
94%
You,
94%
'gon
93%
gon'
93%
Kendrick Lamar | Thundercat my
93%
My
93%
Do
92%
do
92%
the
90%
me,
88%
me?
88%
me
88%
life
87%
when
87%
When
87%
up
86%
Kendrick Lamar and
85%
And
85%
to
85%
all
84%
hear
84%
feel
83%
us
83%
I'm
81%
like,
81%
like
81%
But
80%
but
80%
then
79%
fight,
78%
wake
78%
at
77%
for
77%
God
77%
got
77%
if
76%
If
76%
in
74%
In
74%
fucked
72%
lookin'
72%
Lookin'
72%
down
69%
Hommie,
69%
know
68%
pay
68%
What
68%
what
68%
cut
67%
times
67%
your
67%
Hard
66%
Intro: Alls
65%
has
65%
is
65%
recognize
65%
tell
65%
Tell
65%
Can
62%
can
62%
was
60%
Where
60%
"Where
60%
Bad
59%
face
59%
Verse 1: Uh,
59%
uh
59%
yah!
59%
it
58%
it,
58%
trips
58%
hate
57%
on
57%
house?
56%
po-po
56%
see
56%
get
55%
kill
55%
let
55%
street
55%
want
55%
Huh?
53%
Lucy,
53%
Nazareth,
53%
sure,
53%
bout'
52%
car?
52%
dead
52%
live
52%
40
51%
been
51%
gun
51%
it's
51%
piano,
51%
weak
51%
world
51%
acres
50%
dog
50%
dog,
50%
knees
50%
might
50%
name
50%
put
50%
twilight
50%
about
49%
guitar?
49%
high
49%
Lord
49%
mall
49%
Motherfucker,
49%
mule?
49%
pussy
49%
before,
48%
blow
48%
evil,
48%
Painkillers
48%
preacher's
48%
only
47%
too
47%
Too
47%
door
46%
gettin'
46%
with
46%
you're
46%
low
45%
conflicted ...
44%
from
44%
knows,
44%
of
44%
pretty
44%
highlight
43%
say
43%
So
43%
so
43%
think
43%
Wanna
42%
pride
41%
ah!
40%
Anything,
40%
don't
40%
every
40%
her
40%
hurt,
40%
late
40%
no
39%
love
38%
Benjamin
37%
'em
37%
homicide
37%
our
37%
Schemin'!
36%
twenty
36%
illegal
35%
record
35%
record,
35%
that's
33%
believe
31%
MAC-11
31%
silence
31%
Chevy
29%
come
29%
complicated
29%
everything
29%
girls,
29%
gone
29%
right
29%
Boys
28%
day
28%
Lovin'
28%
Dark
27%
mama
27%
reapin'
27%
this
27%
Won't
27%
Dawg,
26%
please
26%
prayers
26%
boom
25%
I've
25%
motherfucking
25%
deposit
24%
even
24%
head
24%
sow
24%
talk
24%
gangster
23%
Thinkin'
23%
zero
23%
cray
22%
die
22%
karma
22%
nights
22%
big
21%
candy,
21%
keep
21%
Now
21%
rap,
21%
'til
21%
wrongs,
21%
afraid
20%
base
20%
other
20%
pocket
20%
preliminary
20%
Pre-Chorus: Wouldn't
20%
black
19%
enough
19%
feed
19%
paint
19%
Chico,
18%
heaven,
18%
Heaven,
18%
rights,
18%
cross
17%
heart
17%
hope
17%
just
17%
presence
17%
rest
17%
write
17%
ain't
16%
back
16%
changes
16%
Everyday
16%
everyday
16%
hearings
16%
Pat
16%
reach
16%
regal
16%
assured
15%
dollar
15%
partner
15%
vices
15%
y'all
15%
profit,
14%
Kendrick Lamar remembered
14%
inside
13%
logic,
13%
Drown
12%
track
12%
Diggin'
11%
lot
11%
another
10%
bag
10%
sequel
10%
trap
10%
favorite
8%
Bick
6%
Chad,
6%
No matching quizzes found
Score Distribution
Percent of People with Each Score
Percentile by Number Answered
Your Score History
You have not taken this quiz